000 00968nam a2200265Ia 4500
005 20250224114049.0
008 210716s2004 xx 000 0 und d
020 _a8129703009
040 _cAIMIT LIBRARY
041 _aeng
082 _a006.671
_22
_bHALM
100 _aHall, Marty.
_9202171
245 _aCore servlets and java server pages :
_bcore technologies /
_cBy Marty Hall, Larry Brown and Yaakov Chaikin.
250 _a2nd ed.
260 _aNew Delhi :
_bPearson Education ,
_c2004.
300 _axxxiii,691p. ;
_bPB
_c24.5 cm
440 _v1
500 _av.1./ Core technologies/ by Marty Hall, Larry Brown - v.1./ Advanced technilogies/ by Marty Hall, Larry Brown and Yaakov Chaikin.
650 _aProgrammatic security
_9202172
650 _aServlet and JSP filters
_9202173
650 _aThe struts framework: basics
_9202174
700 _aBrown, Larry.
_9202175
700 _aChaikin, Yaakov.
_9202176
942 _2ddc
_cBK
_e2nd
_k006.671 HALM
999 _c186099
_d186099